[Event "FRA-chT4 1516"]
[Site "Champagne Ardennes"]
[Date "2016.03.13"]
[Round "6.8"]
[White "Delias, Gerard"]
[Black "Beaudiot, Alain"]
[Result "0-1"]
[WhiteElo "1582"]
[BlackElo "1565"]
[PlyCount "100"]
[EventDate "2015.12.06"]
[EventType "team-tourn"]
[EventRounds "7"]
[EventCountry "FRA"]
[SourceTitle "EXT 2024"]
[Source "ChessBase"]
[SourceDate "2023.10.10"]
[SourceVersion "1"]
[SourceVersionDate "2023.10.10"]
[SourceQuality "1"]

1. c4 d5 2. cxd5 Qxd5 3. Nc3 Qa5 4. Nf3 Nf6 5. d4 c6 6. Bd2 Qc7 7. h3 Bf5 8. e3 Nbd7 9. Bc4 e6 10. 0-0 Be7 11. Re1 Ne4 12. Nxe4 Bxe4 13. Bc3 Bf6 14. Nd2 Bg6 15. e4 0-0 16. e5 Be7 17. Nf3 b5 18. Bb3 a5 19. a4 b4 20. Bd2 Nb6 21. Rc1 Qd7 22. Bc2 Bxc2 23. Qxc2 Rac8 24. Be3 Nd5 25. Ng5 Bxg5 26. Bxg5 h6 27. Bh4 Rc7 28. Qe4 Rfc8 29. Rc5 Ra8 30. Rec1 g5 31. Bg3 Raa7 32. h4 gxh4 33. Bxh4 Qc8 34. Qg4+ Kh7 35. Bf6 Nxf6 36. exf6 Qg8 37. Qxg8+ Kxg8 38. g4 Ra6 39. f4 Kh7 40. Kh2 Kg6 41. g5 hxg5 42. fxg5 Rd7 43. Rd1 Rd5 44. Rxd5 cxd5 45. Rg1 Rc6 46. Rg2 Rc4 47. Rg4 Rc2+ 48. Kg3 Rxb2 49. Kf4 Rf2+ 50. Ke3 Rf5 0-1

[Event "FRA-chT4 1415"]
[Site "Champagne Ardennes"]
[Date "2015.04.12"]
[Round "7.6"]
[White "Lemoine, Jean Claude"]
[Black "Beaudiot, Alain"]
[Result "1/2-1/2"]
[WhiteElo "1399"]
[BlackElo "1566"]
[PlyCount "123"]
[EventDate "2014.10.16"]
[EventType "team-tourn"]
[EventRounds "7"]
[EventCountry "FRA"]
[SourceTitle "EXT 2024"]
[Source "ChessBase"]
[SourceDate "2023.10.10"]
[SourceVersion "1"]
[SourceVersionDate "2023.10.10"]
[SourceQuality "1"]

1. c4 c5 2. Nc3 Nc6 3. Nf3 Nf6 4. e3 g6 5. Be2 Bg7 6. d4 cxd4 7. exd4 e6 8. Bg5 0-0 9. 0-0 Qa5 10. a3 a6 11. Bd3 Nxd4 12. Bxf6 Bxf6 13. Ne4 Nxf3+ 14. Qxf3 Bxb2 15. Rab1 Bg7 16. Be2 Qc7 17. c5 Be5 18. Qh3 Qd8 19. Qh6 Bf6 20. Rb3 Bg7 21. Qf4 e5 22. Qg3 Rb8 23. Rb6 d5 24. Rd1 Be6 25. Ng5 Qe7 26. Rdb1 Qxc5 27. Rxb7 Rxb7 28. Rxb7 Qc1+ 29. Bf1 Qc6 30. Qh4 h6 31. Nxe6 Qxe6 32. Qb4 Re8 33. Rb6 Qe7 34. Qxe7 Rxe7 35. Rb8+ Bf8 36. Bxa6 Ra7 37. Rb6 Bxa3 38. Kf1 Bc5 39. Rb8+ Kg7 40. Bb7 Ra1+ 41. Ke2 Ra2+ 42. Kd3 e4+ 43. Kc3 Rxf2 44. Bxd5 e3 45. Bf3 Rd2 46. Re8 Kf6 47. Kc4 Bd4 48. Rd8 Be5 49. Rxd2 exd2 50. g3 Bc7 51. Kd3 Ke5 52. Kxd2 f5 53. h3 g5 54. Ke2 Bb6 55. Kf1 Be3 56. Kg2 Bd4 57. Kf1 Bc3 58. Kg2 Kd4 59. Kf2 Bd2 60. Kg2 Ke3 61. Bc6 Be1 62. Bd5 1/2-1/2

[Event "FRA-chT4 1314"]
[Site "Champagne Ardennes"]
[Date "2014.02.02"]
[Round "5.8"]
[White "Beaudiot, Alain"]
[Black "Pierlot, Aurore"]
[Result "1-0"]
[WhiteElo "1572"]
[BlackElo "1460"]
[PlyCount "73"]
[EventDate "2013.10.25"]
[EventType "team-tourn"]
[EventRounds "7"]
[EventCountry "FRA"]
[SourceTitle "EXT 2024"]
[Source "ChessBase"]
[SourceDate "2023.10.10"]
[SourceVersion "1"]
[SourceVersionDate "2023.10.10"]
[SourceQuality "1"]

1. Nf3 Nc6 2. b3 e5 3. d3 Bc5 4. Bb2 d6 5. h3 Nf6 6. e3 Be6 7. Be2 0-0 8. Nbd2 Qd7 9. Ng5 h6 10. Nxe6 Qxe6 11. 0-0 d5 12. a3 e4 13. Bxf6 exd3 14. cxd3 Qxf6 15. d4 Bd6 16. b4 Rae8 17. Nb3 Ne7 18. b5 b6 19. Nd2 Ng6 20. Bf3 Qg5 21. Qb3 Ne7 22. g3 Rc8 23. Rac1 Kh8 24. Bg2 c5 25. bxc6 Rc7 26. Rc2 Nxc6 27. Rfc1 Rfc8 28. Qa2 Ne7 29. Rxc7 Rxc7 30. Rxc7 Bxc7 31. a4 a5 32. Qb3 Qf5 33. Qb5 Qc2 34. Qe8+ Ng8 35. Bxd5 Qxd2 36. Qxf7 Qd1+ 37. Kg2 1-0

[Event "Champagne-chT"]
[Site "Ardennes"]
[Date "2005.05.05"]
[Round "6"]
[White "Beaudiot, Alain"]
[Black "Cuvelier, Romain"]
[Result "1-0"]
[WhiteElo "1730"]
[BlackElo "1099"]
[PlyCount "21"]
[EventDate "2005.05.05"]
[EventType "team"]
[EventRounds "8"]
[EventCountry "FRA"]
[SourceTitle "EXT 2007"]
[Source "ChessBase"]
[SourceDate "2006.11.23"]
[SourceVersion "1"]
[SourceVersionDate "2006.11.23"]
[SourceQuality "1"]

1. d3 e5 2. e4 Bc5 3. Nf3 Nc6 4. g3 b6 5. Bg2 Bb7 6. c3 d5 7. Nbd2 Nf6 8. 0-0 Qd7 9. Re1 0-0-0 10. Ng5 Nb8 11. Bh3 1-0

[Event "Champagne-chT"]
[Site "Ardennes"]
[Date "2005.05.05"]
[Round "3"]
[White "Bessat, Remy"]
[Black "Beaudiot, Alain"]
[Result "1-0"]
[WhiteElo "2006"]
[BlackElo "1730"]
[PlyCount "119"]
[EventDate "2005.05.05"]
[EventType "team"]
[EventRounds "8"]
[EventCountry "FRA"]
[SourceTitle "EXT 2007"]
[Source "ChessBase"]
[SourceDate "2006.11.23"]
[SourceVersion "1"]
[SourceVersionDate "2006.11.23"]
[SourceQuality "1"]

1. d4 Nf6 2. c4 b6 3. Nc3 Bb7 4. Nf3 e6 5. a3 Ne4 6. Nxe4 Bxe4 7. Ng5 Bb7 8. Qc2 Be7 9. Ne4 d5 10. Ng3 dxc4 11. Qxc4 Bf6 12. e3 0-0 13. Qc2 a6 14. Bd3 g6 15. Be4 Bxe4 16. Nxe4 Be7 17. 0-0 Qd5 18. Qxc7 Nc6 19. Qxe7 Qxe4 20. Qf6 Qc2 21. e4 Qxe4 22. Bh6 Qxd4 23. Qxd4 Nxd4 24. Bxf8 Kxf8 25. Rfd1 e5 26. Kf1 g5 27. Rac1 Ke7 28. Rc7+ Ke6 29. Rb7 b5 30. Rb6+ Kf5 31. Rh6 a5 32. Rxh7 Kg6 33. Rh3 Rc8 34. Rhd3 a4 35. f3 Rc2 36. R3d2 Rc4 37. Kf2 f5 38. Re1 Kf6 39. Re3 Rc2 40. Rxc2 Nxc2 41. Rc3 Nd4 42. Rc8 Ke6 43. Ke3 Kd5 44. Kd3 e4+ 45. fxe4+ fxe4+ 46. Ke3 Nf5+ 47. Kd2 Ke5 48. Rc5+ Kf4 49. Rxf5+ Kxf5 50. Ke3 Ke5 51. h3 Kd5 52. g3 Kc4 53. h4 gxh4 54. gxh4 Kb3 55. h5 Kxb2 56. h6 Kxa3 57. h7 b4 58. h8Q b3 59. Qa1+ Kb4 60. Kd4 1-0